ARRUPE JESUIT UNIVERSITY

CORONAVIRUS -STOP THE SPREAD - CLEAN,DISINFECT,COVER

The gold mines of Southern Africa; (Record no. 124018)

MARC details
000 -LEADER
fixed length control field 01050cam a22002771 4500
001 - CONTROL NUMBER
control field 5962194
003 - CONTROL NUMBER IDENTIFIER
control field ARRUPE
005 - DATE AND TIME OF LATEST TRANSACTION
control field 20160122144846.0
008 - FIXED-LENGTH DATA ELEMENTS--GENERAL INFORMATION
fixed length control field 780510s1936 sa abcf b 000 0 eng
010 ## - LIBRARY OF CONGRESS CONTROL NUMBER
LC control number 37005268
035 ## - SYSTEM CONTROL NUMBER
System control number (OCoLC)3882166
040 ## - CATALOGING SOURCE
Original cataloging agency DLC
Transcribing agency TxEU
Modifying agency OCoLC
-- DLC
042 ## - AUTHENTICATION CODE
Authentication code premarc
050 00 - LIBRARY OF CONGRESS CALL NUMBER
Classification number SPC TN427.S6
Item number L36
082 ## - DEWEY DECIMAL CLASSIFICATION NUMBER
Classification number 622.34
300 ## - PHYSICAL DESCRIPTION
Other physical details front., illus., plates (1 double) ports., maps (part fold.) fold. diagr.
Dimensions 26 cm.
100 1# - MAIN ENTRY--PERSONAL NAME
Personal name Letcher, Owen.
9 (RLIN) 21740
245 14 - TITLE STATEMENT
Title The gold mines of Southern Africa;
Remainder of title the history, technology and statistics of the gold industry
Statement of responsibility, etc By Owen Letcher.
260 ## - PUBLICATION, DISTRIBUTION, ETC. (IMPRINT)
Place of publication, distribution, etc Johannesburg,
Name of publisher, distributor, etc Pub. by the Author in Conjunction with Waterlow & Sons ltd., London,
Date of publication, distribution, etc 1936.
300 ## - PHYSICAL DESCRIPTION
Extent xiii, 580 p.;
504 ## - BIBLIOGRAPHY, ETC. NOTE
Bibliography, etc "Selected bibliography": p. 533-544.
650 #0 - SUBJECT ADDED ENTRY--TOPICAL TERM
Topical term or geographic name as entry element Gold mines and mining
Geographic subdivision South Africa.
9 (RLIN) 21682
651 #0 - SUBJECT ADDED ENTRY--GEOGRAPHIC NAME
Geographic name Witwatersrand (South Africa)
9 (RLIN) 21746
651 #0 - SUBJECT ADDED ENTRY--GEOGRAPHIC NAME
Geographic name Johannesburg (South Africa)
9 (RLIN) 21685
906 ## - LOCAL DATA ELEMENT F, LDF (RLIN)
a 7
b cbc
c oclcrpl
d u
e ncip
f 19
g y-gencatlg
942 ## - ADDED ENTRY ELEMENTS (KOHA)
Source of classification or shelving scheme Library of Congress Classification
Koha item type Monograph ( Printed materials)
Holdings
Withdrawn status Lost status Source of classification or shelving scheme Damaged status Not for loan Collection code Home library Current library Shelving location Date acquired Total Checkouts Full call number Barcode Date last seen Price effective from Koha item type
    Library of Congress Classification     Main Collection ARRUPE LIBRARY ARRUPE LIBRARY Main Collection 22/01/2016   SPC TN427.S6L36 46500006020 22/01/2016 22/01/2016 Monograph ( Printed materials)

 

Arrupe Library. PO Box MP320 Mt Pleasant, Harare, Zimbabwe
263 242 745411|librarian@aju.ac.zw